Teacher / (Record no. 200468161)

MARC details
000 -LEADER
fixed length control field 00940cam a2200313 a 4500
001 - CONTROL NUMBER
control field 200468161
003 - CONTROL NUMBER IDENTIFIER
control field TR-AnTOB
005 - DATE AND TIME OF LATEST TRANSACTION
control field 20260416164655.0
007 - PHYSICAL DESCRIPTION FIXED FIELD--GENERAL INFORMATION
fixed length control field ta
008 - FIXED-LENGTH DATA ELEMENTS--GENERAL INFORMATION
fixed length control field 851021t19651963nyua 000 0aeng d
010 ## - LIBRARY OF CONGRESS CONTROL NUMBER
LC control number 85673382
040 ## - CATALOGING SOURCE
Original cataloging agency MH
Language of cataloging eng
Description conventions rda
Transcribing agency MH
Modifying agency DLC
-- TR-AnTOB
041 0# - LANGUAGE CODE
Language code of text/sound track or separate title İngilizce
043 ## - GEOGRAPHIC AREA CODE
Geographic area code u-nz---
050 00 - LIBRARY OF CONGRESS CALL NUMBER
Classification number LC3501.M3
Item number A8 1965
090 ## - LOCALLY ASSIGNED LC-TYPE CALL NUMBER (OCLC); LOCAL CALL NUMBER (RLIN)
Classification number (OCLC) (R) ; Classification number, CALL (RLIN) (NR) LC3501.M3
Local cutter number (OCLC) ; Book number/undivided call number, CALL (RLIN) A8 1965
100 1# - MAIN ENTRY--PERSONAL NAME
Personal name Ashton-Warner, Sylvia
Relator term author
9 (RLIN) 153748
245 10 - TITLE STATEMENT
Title Teacher /
Statement of responsibility, etc. Sylvia Ashton-Warner.
264 #1 - PRODUCTION, PUBLICATION, DISTRIBUTION, MANUFACTURE, AND COPYRIGHT NOTICE
Place of production, publication, distribution, manufacture New York:
Name of producer, publisher, distributor, manufacturer Bantam Books,
Date of production, publication, distribution, manufacture, or copyright notice 1965.
300 ## - PHYSICAL DESCRIPTION
Extent 191 pages :
Other physical details illustrations ;
Dimensions 20 cm.
336 ## - CONTENT TYPE
Content type term text
Content type code txt
Source rdacontent
337 ## - MEDIA TYPE
Media type term unmediated
Media type code n
Source rdamedia
338 ## - CARRIER TYPE
Carrier type term volume
Carrier type code nc
Source rdacarrier
650 #0 - SUBJECT ADDED ENTRY--TOPICAL TERM
Topical term or geographic name entry element Māori (New Zealand people)
General subdivision Education
9 (RLIN) 153749
Topical term or geographic name entry element Education
General subdivision Experimental methods.
9 (RLIN) 26219
Topical term or geographic name entry element Teachers
Geographic subdivision New Zealand
Form subdivision Biography
9 (RLIN) 45729
942 ## - ADDED ENTRY ELEMENTS (KOHA)
Source of classification or shelving scheme Library of Congress Classification
Koha item type Book
Holdings
Withdrawn status Lost status Source of classification or shelving scheme Damaged status Not for loan Collection code Home library Current library Shelving location Date acquired Source of acquisition Total Checkouts Full call number Barcode Date last seen Copy number Date shelved Koha item type Public note
    Library of Congress Classification Kullanılmış / Used Ödünç Verilemez-Kurumiçi kullanım / Not for loan-For inhouse use Genel Koleksiyon Tıp Fakültesi Medikal Kütüphane Tıp Fakültesi Medikal Kütüphane Genel Koleksiyon / Main Collection 18/03/2026 Bağış / Donation   LC3501.M3 A8 1965 TıpfaK TF03152 16/04/2026 1 16/04/2026 Book Donated by Şükrü Cin
Devinim Yazılım Eğitim Danışmanlık tarafından Koha'nın orjinal sürümü uyarlanarak geliştirilip kurulmuştur.